NRJ Music Awards 2007 - Les gagnants - Statistiques

Statistiques générales
  • Ce quiz a été pris 4 fois
  • Le résultat moyen est 2 sur 14
Statistiques - réponses
Hint Réponse % Correct
DJ de l'année Bob sinclar
50%
Artiste masculin francophone M. Pokora
50%
Groupe/duo international Tokio Hotel
50%
Révélation francophone Christophe Mae
25%
Révélation internationale Nelly Furtado
25%
Album international Back to Basics (Christina Aguilera)
0%
Artiste féminine internationale Christina Aguilera
0%
Album francophone Dans ma bulle (Diam's)
0%
Clip de l'année De retour (M. Pokora)
0%
Artiste féminine francophone Diam's
0%
Artiste masculin international Justin Timberlake
0%
Chanson francophone La Boulette (Diam's)
0%
Groupe/duo francophone Le Roi Soleil
0%
Chanson internationale Unfaithful (Rihanna)
0%
Aucun quiz correspondant
Distribution des résultats
% des personnes avec chaque résultat
Percentile par nombre de réponses
Votre historique - résultats
Vous n’avez pas pris ce quiz